000 01230cam a2200349 i 4500
999 _c29469
_d29469
001 18403032
005 20180119084743.0
008 141211s2014 ke ac 000 0deng d
010 _a 2014321138
020 _a9789966070449
020 _a9966070443
035 _a(OCoLC)ocn911405891
040 _aCUY
_beng
_cCUY
_erda
_dIUL
_dDLC
042 _alccopycat
_alcode
043 _af-ke---
050 0 0 _aHD3100.5.A4
_bN93 2014
100 1 _aNyagah, Joseph W. N.,
_eauthor.
245 1 3 _aAn African minister's :
_blessons for co-operatives /
_cJoseph WN Nyagah ; edited by Neema Grace Mutemi.
260 _aKenya :
_bNgewa Afrika ltd. ;
_c2014
300 _avii, 59 p. :
_bcolor ill., portraits ;
_c21 cm
650 0 _aCooperation
_zKenya.
650 0 _aEconomic development
_zKenya.
651 0 _aKenya
_xPolitics and government.
700 1 _aMutemi, Neema Grace,
_eeditor.
906 _a7
_bcbc
_ccopycat
_d2
_encip
_f20
_gy-gencatlg
942 _2lcc
_cAFRICANA
_hHD3100.5.A4N93 2014